000 00730cam a2200181 i 4500
005 20251224104444.0
008 250721s2009 ye gr 000 0 ara d
020 _a9789957231156
082 1 4 _a218.51
_bح س ي
100 1 _aالحسيني، الحبيب زين بن إبراهيم بن سميط باعلوي
_eمؤلف.
245 1 0 _aالفتوحات العلية في الخطب المنبرية /
_cتأليف العلامه الداعي الحبيب زين بن ابراهيم بن سميط.
264 3 1 _aصنعاء :
_bدار العلم و الدعوة،
_c2009.
300 _aالجزء
_e4
650 1 7 _aالاسلام.
650 1 7 _aالخطب الدينية.
942 _2ddc
_cBK
999 _c118933
_d118933